000
00216 a2200097 4500
001
28957
100
_a
Mendelson, E
245
_a
Thes & Aob of boolean Algebra
260
_a
_b
Mc Graw Hill
_c
090
_c
19353
_d
19353
942
_a
NUST-CAE
_c
M
_c
10395
999
_c
264030
_d
264030